Psicoanálisis y género: debates en el foro /

محفوظ في:
التفاصيل البيبلوغرافية
المؤلف الرئيسي: Meler, Irene
مؤلف مشترك: UBA. Facultad de Medicina
مؤلفون آخرون: comp Tajer, Débora comp
التنسيق: نص
منشور في: Buenos Aires: Lugar
الموضوعات:
الوسوم: إضافة وسم
لا توجد وسوم, كن أول من يضع وسما على هذه التسجيلة!

MARC

LEADER 00000 a a2200000 04500
001 30232
003
040
020 |a 950-9129-089-0  
090 |a 194508  
100 |a Meler, Irene  
110 |a UBA. Facultad de Medicina  
245 |a Psicoanálisis y género: debates en el foro /  |c Irene Meler  
260 |a Buenos Aires:   |b Lugar  
300 |a 320 p.  
650 |a PATERNIDAD  
650 |a PSICOANALISIS  
650 |a ROL MASCULINO  
700 |a comp   |a Tajer, Débora   |a comp  
999 |c 8965  |d 8965